Statistics for famous Hughs

Click here to take the quiz!

General Stats

  • This quiz has been taken 17 times
  • The average score is 4 of 6

Answer Stats

Known forAnswer% Correct
Bridget jonesHugh Grant
87%
PLayboyHugh Hefner
87%
X men, the greatest showmanHugh Jackman
73%
House MDHugh Laurie
73%
Downton abbeyHugh Bonneville
27%
Hannibal, married to Claire DanesHugh Dancy
20%

Score Distribution

Percentile by Number Answered

Percent of People with Each Score

Your Score History

You have not taken this quiz